Az UNESCO nevelés- és oktatásügyi kiadványai

Elmentve itt :
Bibliográfiai részletek
Szerző: Gombocz István
Dokumentumtípus: Cikk
Megjelent: 1971
Sorozat:Magyar pedagógia : a Magyar Tudományos Akadémia Pedagógiai Bizottságának folyóirata 71 No. 4
Kulcsszavak:Oktatás UNESCO 1971, Nemzetközi kulturális szervezet
Online Access:http://misc.bibl.u-szeged.hu/12442
LEADER 00711nab a2200181 i 4500
001 misc12442
005 20191106141603.0
008 170607s1971 hu o 0|| hun d
022 |a 0025-0260 
040 |a SZTE Miscellanea Repozitórium  |b hun 
041 |a hun 
100 1 |a Gombocz István 
245 1 3 |a Az UNESCO nevelés- és oktatásügyi kiadványai  |h [elektronikus dokumentum] /  |c  Gombocz István 
260 |c 1971 
300 |a 477-495 
490 0 |a Magyar pedagógia : a Magyar Tudományos Akadémia Pedagógiai Bizottságának folyóirata  |v 71 No. 4 
695 |a Oktatás UNESCO 1971, Nemzetközi kulturális szervezet 
856 4 0 |u http://misc.bibl.u-szeged.hu/12442/1/mp_1971_004_4911_477-495.pdf  |z Dokumentum-elérés